01582 2200253 4500001002100000005001500021035002000036007000300056008004100059020002200100082001300122084002300135100001600158245003400174250003200208300002800240650002000268520091400288264003601202336002101238337003001259338002301289990001601312INLIS00000000116310220230214090604 a0010-0223000018ta230214 g f ind  a978-979-1260-85-5 a899.2213 aSR 899.221 3 DJO s0 aDjokolelono1 aSetan van oyot /cDjokolelono aCetakan pertama, Maret 2019 ax, 293 halaman ;c21 cm 4aFiksi Indonesia aParuh kedua 1930an : masa-masa genting pemerintahan kolonial Hindia Belanda. Di Eropa angin peperangan mulai berhembus. Di Asia, Jepang menang atas Rusia dan konon telah menyebarkan agen-agennya ke penjuru Asia. Di dalam negeri sendiri, pemogokan buruh merebak di kota-kota di Jawa. Belum lagi korupsi dan kebejatan moral birokrasi kolonial. Semua latar internasional itu berpengaruh tanpa disadari kepada kehidupan rakyat jelata di Wlingi, sebuah kota kecil di Jawa Timur yang menjadi mikrokosmos masyarakat kolonial. Seorang pemuda Belanda yang nekat ke Jawa untuk mencari ayahnya, seorang perempuan pibumi cantik yang berambisi menjadi nyonya Belanda, seorang sinder korup dengan istrinya yang penjudi, seorang detektif partikelir misterius, dan seorang nona Tionghoa pewaris usaha perkebunan coklat- semua terlibat dalam sebuah jalinan kisah cinta dan tragedi yang memikat di tengah kemelut drama sejarah. aTangerang :bMarjin Kiri,c2019 2rdacontentaTeks 2rdamediaaTanpa perantara 2rdacarrieraVolume a51800.64620